BANCA Y PODER EN MEXICO: 1800-1925/

INCLUYE BIBLIOGRAFIA

Kaydedildi:
Detaylı Bibliyografya
Diğer Yazarlar: Ludlow, Leonor (edición) (edición)
Materyal Türü: Kitap
Konular:
Etiketler: Etiketle
Etiket eklenmemiş, İlk siz ekleyin!

MARC

LEADER 00000nam^a2200000^a^4500
001 000224394
005 20250521000000.0
009 20260310104048.322
020 |a 968-419-570-2 
035 |a 043282 
037 |a Acervo Xavier Clavigero 
082 |a 332. 10972  |b BAN 
245 1 0 |a BANCA Y PODER EN MEXICO:  |b 1800-1925/  |c ED. LEONOR LUDLOW 
264 |a MEXICO :  |b GRIJALBO,  |c 1986 
300 |a 427p. 
336 |a texto  |b txt  |2 rdacontenido 
337 |a sin mediación  |b n  |2 rdamedio 
338 |a volumen  |b nc  |2 rdasoporte 
520 |a INCLUYE BIBLIOGRAFIA 
649 |a XX 
650 |a Bancos y Operaciones Bancarias -  |z México -  |x Historia 
650 |a Política Económica -  |z México 
650 |a Poder (Ciencias Sociales) 
700 |a Ludlow, Leonor  |e (edición) 
910 |a Fondo General 
920 |a Impresos - Libros 
930 |a Colección General 
905 |a 101 
901 |a 043282  |b IT1  |c ACC  |i 043282  |u 20250521 
902 |a https://opac.biblio.iteso.mx/vufind/Record/000224394